000 00686nam a2200205Ia 4500
001 8136
003 GE_BSU
008 181216s||||||||xx |||||||||||||| ||und||
040 _cGE_BSU
245 _aПолитическая наука.№3 2013
245 _bНауч.журн.религия и политика.
245 _cРед.кол.Мелешкина Е.Ю.(гл.ред.и др.)
260 _aмосква.
260 _bИнион ран.
260 _c2013.
300 _a360ст,20см.
520 _aЦентр социальных научно-информациионных исследований.
653 _aПолитическая наука.
942 _cCR
999 _c41469
_d41469